000 00438nam a2200169Ia 4500
008 230718s9999 xx 000 0 und d
020 _a9789350238806
041 _aeng
082 _a658.4'038
_bDAV
100 _aDavis K.
_9145952
245 _aEthics Of Big Data
260 _c2012
_bO'Reilly / SPD
300 _a64
365 _cRs.
_b150.00
700 _aDavis K.
_9145952
906 _dO:0366922-Jan-2014B:441525-Oct-2013
_cCOMP
_b33
999 _c334896
_d334896